La investigación acción: conocer y cambiar la práctica educativa /
| Hlavní autor: | |
|---|---|
| Médium: | Kniha |
| Jazyk: | španělština |
| Vydáno: |
España :
Editorial GRAO,
2004
|
| Témata: |
MARC
| LEADER | 00000nam a2200000Ia 4500 | ||
|---|---|---|---|
| 008 | 150924b2004 sp ||||| |||| 00| | spa d | ||
| 020 | |a 8478272925 | ||
| 090 | |a 05.01.02 |b 1083 | ||
| 100 | 1 | |a Latorre, Antonio |9 1071 | |
| 245 | 1 | 3 | |a La investigación acción: conocer y cambiar la práctica educativa / |c Antonio Latorre |
| 260 | |a España : |b Editorial GRAO, |c 2004 | ||
| 300 | |a 138 páginas | ||
| 650 | 1 | 4 | |a INVESTIGACIÓN ACCIÓN |9 1072 |
| 650 | 1 | 4 | |a ÉTICA |9 563 |
| 942 | |i 001787 |h 05.01.02 1083 |2 z |c 01 | ||
| 999 | |c 276 |d 276 | ||
